Epilog osudu. Kniha III, Brána zapomnění /
Závěrečná kniha trilogie Epilog osudu ze světa Star Treku. Blíží se jejich poslední mise, která se zároveň jeví jako nesplnitelný úkol.
Uloženo v:
| Série: | Star Trek: Epilog osudu,
část 3 |
|---|---|
| Hlavní autor: | |
| Další autoři: | |
| Médium: | E-kniha |
| Jazyk: | Czech |
| Vydáno: |
Praha :
Euromedia Group,
2024
|
| Vydání: | Vydání první |
| Edice: | Star Trek (Laser)
|
| Témata: | |
| Příbuzné jednotky: | Z cyklu::
Star Trek: Epilog osudu |
| Tagy: |
Žádné tagy |
| LEADER | 02564nam a2200505 i 4500 | ||
|---|---|---|---|
| 001 | 312488 | ||
| 003 | CZ PrSKC | ||
| 005 | 20260601215723.0 | ||
| 007 | ta | ||
| 008 | 240924s2024 xr g 000 f cze | ||
| 015 | |a cnb003633405 | ||
| 020 | |a 9788024206844 |q (brožováno) | ||
| 035 | |a (OCoLC)1468021821 | ||
| 040 | |a ABG001 |b cze |d ABA001 |e rda | ||
| 041 | 1 | |a cze |h eng | |
| 072 | 7 | |a 821.111(73)-3 |x Americká próza |2 Konspekt | |
| 080 | |a 821.111(73)-31 |2 MRF | ||
| 080 | |a (0:82-311.9) |2 MRF | ||
| 100 | 1 | |a Mack, David, |d 1969- |7 jo20201063183 |4 aut | |
| 240 | 1 | 0 | |a Oblivion's gate. |l Česky |
| 245 | 1 | 0 | |a Epilog osudu. |n Kniha III, |p Brána zapomnění / |c David Mack ; z anglického originálu Star Trek - Coda, Book III: Oblivion's gate ... přeložil Jakub Marek |
| 246 | 3 | 0 | |a Brána zapomnění |
| 250 | |a Vydání první | ||
| 264 | 1 | |a Praha : |b Euromedia Group, |c 2024 | |
| 300 | |a 502 stran ; |c 19 cm | ||
| 336 | |a text |b txt |2 rdacontent | ||
| 337 | |a bez média |b n |2 rdamedia | ||
| 338 | |a svazek |b nc |2 rdacarrier | ||
| 490 | 1 | |a Star Trek | |
| 500 | |a "Vydala Euromedia Group, a.s. v edici Laser"--Tiráž | ||
| 520 | 2 | |a Závěrečná kniha trilogie Epilog osudu ze světa Star Treku. Blíží se jejich poslední mise, která se zároveň jeví jako nesplnitelný úkol. |b Kapitán Benjamin Sisko bere Defiant nejen zpět časem, ale i do paralelního vesmíru, aby spolu s Datem mohli zrušit odpornou sabotáž, která současnou apokalypsu odstartovala. Mezitím se admirálu Willu Rikerovi nedaří koncentrovat a jeho chápání reality minutu od minuty slábne. Dokáže ho jeho milovaná imzadi uchránit od šílenství, než bude příliš pozdě? Nakladatelská anotace. Kráceno. | |
| 655 | 7 | |a americké romány |7 fd131796 |2 czenas | |
| 655 | 7 | |a vědecko-fantastické romány |7 fd133847 |2 czenas | |
| 655 | 9 | |a American fiction |2 eczenas | |
| 655 | 9 | |a science fiction novels |2 eczenas | |
| 700 | 1 | |a Marek, Jakub |7 pna2007403550 |4 trl | |
| 787 | 0 | 8 | |i Z cyklu: |t Star Trek: Epilog osudu |g 3 |
| 830 | 0 | |a Star Trek (Laser) | |
| 900 | |a ABA001 |b 20 | ||
| 928 | 9 | |a Euromedia Group - Laser | |
| 928 | 9 | |a Laser | |
| 044 | |a xr | ||
| 910 | |a RBIT002 | ||
| 998 | |d 411735 |a https://core.palmknihy.cz/api/books/411735/cover?six1f2 |b https://core.palmknihy.cz/api/books/411735/cover/400?six1f2 |c https://core.palmknihy.cz/api/books/411735/cover/50?six1f2 |e 2027-06-30 |g 504 |i 9788024206844 |j https://core.palmknihy.cz/api/books/411735/preview.epub |l |q 49 |r 1 |s https://www.palmknihy.cz/kniha/411735 |t ebook |y 2024 |z 0 |v Star Trek: Epilog osudu |w 3 | ||
| 999 | |d 312486 | ||